Sports Quiz

Random Sports or Soccer Quiz

Germany tournament squad from 2004 to 2018 Quiz Stats

 Plays Quiz not verified by Sporcle

Support Sporcle.
Go Orange.
Score 0/240 Timer 20:00
1 Play Today
% Correct
Manuel Neuer
98.9%
Manuel Neuer
98.6%
Manuel Neuer
98.5%
Manuel Neuer
98.5%
Manuel Neuer
98.5%
Oliver Kahn
97.5%
Oliver Kahn
97.5%
Philipp Lahm
97.3%
Philipp Lahm
97.3%
Philipp Lahm
97.3%
Philipp Lahm
97.3%
Philipp Lahm
97.3%
Philipp Lahm
97.3%
Jerome Boateng
97.1%
Oliver Kahn
96.9%
Miroslav Klose
96.7%
Miroslav Klose
96.7%
Miroslav Klose
96.7%
Miroslav Klose
96.7%
Miroslav Klose
96.7%
Miroslav Klose
96.7%
Jerome Boateng
96.4%
Mats Hummels
96.4%
Jerome Boateng
96.3%
Jerome Boateng
96.3%
Jerome Boateng
96.3%
Mats Hummels
95.5%
Mats Hummels
95.3%
Mats Hummels
95.3%
Mesut Özil
95.3%
Bastian Schweinsteiger
95.1%
Bastian Schweinsteiger
95.1%
Bastian Schweinsteiger
95.1%
Bastian Schweinsteiger
95.1%
Bastian Schweinsteiger
95.1%
Bastian Schweinsteiger
95.1%
Bastian Schweinsteiger
95%
Mesut Özil
94.9%
Mesut Özil
94.9%
Mesut Özil
94.9%
Mesut Özil
94.9%
Bastian Schweinsteiger
94.9%
Thomas Müller
94.8%
Thomas Müller
94.8%
Thomas Müller
94.8%
Thomas Müller
94.5%
Marc-André ter Stegen
94.4%
Thomas Müller
94.4%
Lukas Podolski
94%
Lukas Podolski
94%
Lukas Podolski
94%
Lukas Podolski
94%
Lukas Podolski
94%
Lukas Podolski
94%
Marc-André ter Stegen
94%
Lukas Podolski
93.7%
Jens Lehmann
93.6%
Jens Lehmann
93.6%
Jens Lehmann
93.6%
Joachim Löw
93.6%
Lukas Podolski
93.6%
Michael Ballack
93.5%
Michael Ballack
93.5%
Michael Ballack
93.5%
Joachim Löw
93.5%
Jens Lehmann
93.4%
Sami Khedira
93.4%
Joachim Löw
93.3%
Joachim Löw
93.3%
Joachim Löw
93.3%
Joachim Löw
93.3%
Marc-André ter Stegen
93.3%
Mario Gomez
93.2%
Joachim Löw
93.1%
Michael Ballack
93.1%
Sami Khedira
93%
Sami Khedira
93%
Sami Khedira
93%
Mario Gomez
93%
Mario Gomez
93%
% Correct
Mario Gomez
93%
Mario gomez
93%
Sami Khedira
92.8%
Toni Kroos
92.8%
Mario Götze
92%
Mario Götze
92%
Toni Kroos
92%
Toni Kroos
91.8%
Toni Kroos
91.8%
Toni Kroos
91.8%
Mario Götze
91.7%
Marco Reus
91.5%
Per Mertesacker
91.3%
Per Mertesacker
91.3%
Per Mertesacker
91.3%
Per Mertesacker
91.3%
Per Mertesacker
91.3%
Per Mertesacker
90.7%
Marco Reus
90.3%
Jürgen Klinsmann
90.1%
Joshua Kimmich
89.4%
Joshua Kimmich
88.3%
Jürgen Klinsmann
87.6%
Timo Werner
87.4%
Joshua Kimmich
86.7%
Timo Werner
86.5%
Torsten Frings
84.2%
Torsten Frings
84.2%
Torsten Frings
84.2%
Benedikt Höwedes
83.5%
Benedikt Höwedes
83.5%
Benedikt Höwedes
83.1%
Torsten Frings
83.1%
Bernd Leno
83%
Julian Draxler
82.1%
Julian Draxler
82%
Julian Draxler
81.8%
Bernd Leno
81.7%
Christoph Metzelder
81.6%
Christoph Metzelder
81.6%
Ilkay Gündogan
81.3%
Julian Draxler
80.9%
André Schürrle
80.9%
André Schürrle
80.9%
André Schürrle
80.3%
Leroy Sané
80.3%
Roman Weidenfeller
80.2%
Niklas Süle
79.8%
Ilkay Gündogan
79.2%
Oliver Neuville
78.7%
Oliver Neuville
78.7%
Arne Friedrich
77.6%
Arne Friedrich
77.6%
Arne Friedrich
77.6%
Arne Friedrich
77.6%
Leroy Sané
77.5%
Arne Friedrich
77.1%
Jonas Hector
77.1%
Shkodran Mustafi
76.9%
Jonas Hector
76.7%
Hans-Jörg Butt
76.6%
Shkodran Mustafi
76.5%
Leon Goretzka
76.2%
Bernd Schneider
76.1%
Bernd Schneider
76.1%
Jonas Hector
76%
Niklas Süle
76%
Shkodran Mustafi
76%
Kevin Trapp
75.4%
Antonio Rüdiger
75.3%
Bernd Schneider
75%
Holger Badstuber
74.6%
Holger Badstuber
74.6%
Leon Goretzka
74.6%
Kevin Kuranyi
74.4%
Kevin Kuranyi
74.4%
Rudi Völler
74.2%
Marcel Schmelzer
74%
Kevin Trapp
74%
René Adler
73.3%
% Correct
Kevin Kuranyi
73.2%
Lars Bender
73%
Antonio Rüdiger
72.8%
Christoph Kramer
71.4%
Matthias Ginter
70.4%
Julian Brandt
70.3%
Dietmar Hamann
69.1%
Matthias Ginter
69.1%
Emre Can
68.8%
Robert Enke
67.8%
Cacau
67.4%
Kevin Grosskreutz
67.3%
Matthias Ginter
67.3%
Emre Can
66.9%
Jens Jeremies
66.7%
Julian Brandt
66.6%
Thomas Hitzlsperger
66.5%
Thomas Hitzlsperger
66.5%
Ron-Robert Zieler
66.5%
Ron-Robert Zieler
66.5%
David Odonkor
66.1%
David Odonkor
66.1%
Thomas Hitzlsperger
66.1%
Gerald Asamoah
65.9%
Marcell Jansen
65.8%
Marcell Jansen
65.8%
Marcell Jansen
65.8%
Timo Hildebrand
65.7%
Timo Hildebrand
65.7%
Timo Hildebrand
65.4%
Christian Ziege
65.1%
Jens Nowotny
65%
Jens Nowotny
65%
Tim Wiese
64.9%
Tim Wiese
64.9%
Sebastian Rudy
64.6%
Christian Wörns
64.3%
Gerald Asamoah
64.2%
Tim Borowski
64.1%
Tim Borowski
64.1%
Tim Borowski
64%
Piotr Trochowski
63.4%
Piotr Trochowski
63.4%
Sebastian Rudy
63.2%
Sebastian Kehl
62.6%
Sebastian Kehl
62.6%
Robert Huth
62.4%
Robert Huth
62.3%
Sandro Wagner
60.9%
Stefan Kiessling
60.1%
Erik Durm
60.1%
Sebastian Deisler
57.3%
Jonathan Tah
56.1%
Marvin Plattenhardt
55.8%
Julian Weigl
54%
Heiko Westermann
53.6%
Fredi Bobic
53%
Clemens Fritz
52.5%
Frank Baumann
52.5%
Lars Stindl
52.3%
Marvin Plattenhardt
52.3%
Dennis Aogo
51.9%
Marko Marin
50.8%
Mike Hanke
50.4%
Mike Hanke
49.5%
Serdar Tasci
49.3%
Simon Rolfes
44.9%
Fabian Ernst
42.6%
Andreas Hinkel
42.1%
Andreas Hinkel
42.1%
Fabian Ernst
42%
Patrick Owomoyela
39.6%
Thomas Brdaric
39.1%
Thomas Brdaric
39%
Kerem Demirbay
38.7%
Christian Schulz
37.6%
Amin Younes
35.2%
Benjamin Henrichs
33.8%
Diego Demme
32.4%
Marco Engelhardt
24.7%

You're not logged in!

Compare scores with friends on all Sporcle quizzes.
OR
Log In

From the Vault

WWE Ladder Match Participants

by nscox

We're still waiting for a ladder match where the participants have to fight their way through a Home Depot.
Remove Ads.
Support Sporcle.
Get the best of Sporcle when you Go Orange. This ad-free experience offers more features, more stats, and more fun while also helping to support Sporcle. Thank you for becoming a member.

Show Comments

Extras

Top Quizzes Today


Score Distribution

Your Account Isn't Verified!

In order to create a playlist on Sporcle, you need to verify the email address you used during registration. Go to your Sporcle Settings to finish the process.

Report this User

Report this user for behavior that violates our Community Guidelines.

Details: